00666nam a22002057a 4500010001300000020001000013035001300023037001600036040001200052082001300064245015400077250001100231260004300242270006500285300002400350650001400374650002400388700002700412700002100439 aA-778500 c40.00 aA-778500 bCen Lib/Ret aDPLbEN a607bMED aMedical jobs and financial aids in Britain and America :cedited by ER. Mohiruddin Sheikh [and] Ali Azom Sheikhbfor studies, training and research / a1st ed aAssambSheikh Business Syndicatec1991 aVill. and P. O. Kajaikata-V I Bilasipara Dist. DhubribAssam aii,171p. c21cm(Hb) aEducation aEducation--research aSheikh, ER. Mohiruddin aSheikh, Ali Azom